Movies Quiz

Random Movies or Clickable Quiz

In Which Movie Does Robin Williams Say... Quiz Stats

 Plays Quiz Updated Jul 21, 2018

Also try: Movie Quote Mashup
Challenge
Share
Tweet
Embed
Score 0/16 Timer 06:00
22 Plays Today
% Correct
Good Morning, Vietnam!
88.5%
Mrs. Doubtfire
86.2%
Jumanji
86.1%
Aladdin
81.4%
Patch Adams
80.2%
Dead Poets Society
78.9%
The Birdcage
78.6%
Good Will Hunting
74.5%
% Correct
One Hour Photo
72.3%
What Dreams May Come
69.2%
Popeye
68.9%
Night at the Museum
64.9%
Flubber
56.6%
Hook
55.3%
Toys
50.7%
Awakenings
45.8%

You're not logged in!

Compare scores with friends on all Sporcle quizzes.
Join for Free
OR
Log In

You Might Also Like...

Show Comments

Extras

Top Quizzes Today


Score Distribution

Your Account Isn't Verified!

In order to create a playlist on Sporcle, you need to verify the email address you used during registration. Go to your Sporcle Settings to finish the process.

Report this User

Report this user for behavior that violates our Community Guidelines.

Details: